Analytics of uncertainty and information (Record no. 528180)

MARC details
000 -LEADER
fixed length control field 00878nam a2200277Ia 4500
003 - CONTROL NUMBER IDENTIFIER
control field OSt
005 - DATE AND TIME OF LATEST TRANSACTION
control field 20220925194104.0
008 - FIXED-LENGTH DATA ELEMENTS--GENERAL INFORMATION
fixed length control field 220923b |||||||| |||| 00| 0 eng d
020 ## - INTERNATIONAL STANDARD BOOK NUMBER
International Standard Book Number 0 521 2869 8
037 ## - SOURCE OF ACQUISITION
Terms of availability General Book
040 ## - CATALOGING SOURCE
Original cataloging agency RTL
Transcribing agency RTL
Language of cataloging eng
041 ## - LANGUAGE CODE
Source of code eng
Language code of text/sound track or separate title eng
100 ## - MAIN ENTRY--PERSONAL NAME
Personal name Hirshleifer Jack
9 (RLIN) 248830
245 #0 - TITLE STATEMENT
Title Analytics of uncertainty and information
260 ## - PUBLICATION, DISTRIBUTION, ETC.
Place of publication, distribution, etc. Cambridge
Name of publisher, distributor, etc. Cambridge University Press
Date of publication, distribution, etc. 1992
300 ## - PHYSICAL DESCRIPTION
Extent xi, 465p.
Dimensions cm.
490 ## - SERIES STATEMENT
Series statement Cambridge Surveys of Economic Literature
500 ## - GENERAL NOTE
General note Bibliography chapterwise
650 ## - SUBJECT ADDED ENTRY--TOPICAL TERM
Topical term or geographic name entry element Organizational Management
9 (RLIN) 244509
700 ## - ADDED ENTRY--PERSONAL NAME
Personal name Riley John G. Ed.
9 (RLIN) 250281
942 ## - ADDED ENTRY ELEMENTS (KOHA)
Classification part X:8:(B2893), N2/TD3
Koha item type General Books
Source of classification or shelving scheme Colon Classification (CC)

No items available.

Copyright @ Delhi University Library System